|
|
|
|
| LEADER |
00000nam a2200000 a 4500 |
| 001 |
vtls001422514 |
| 003 |
SK-MaSNL |
| 005 |
20260301120647.0 |
| 008 |
251124s2000 au ae r y 0 ger |
| 020 |
|
|
|a 390156117X
|c [489,00]
|
| 035 |
|
|
|a SNK000377380
|
| 040 |
|
|
|a SNK
|b slo
|c SNK
|e AACR2
|
| 044 |
|
|
|a au
|c AT
|
| 080 |
|
|
|a 803.0-316.5(436)(038)
|2 1981
|
| 080 |
|
|
|a 801.323.1=30
|2 1981
|
| 245 |
1 |
|
|a Wiener Wut
|b das Schimpfwörterbuch
|c zweitausend einschlägige Ausdrücke gesammelt und kommentiert von Richard Weihs ; illustrationen: Carla S. Nova
|
| 260 |
|
|
|a Wien
|b UHUDLA
|c 2000
|
| 300 |
|
|
|a 89 s.
|c 21 cm
|
| 650 |
0 |
7 |
|a nemčina rakúska
|z Viedeň (Rakúsko)
|x nadávky
|x slovníky
|2 SNK
|9 463557
|
| 650 |
0 |
7 |
|a slovníky nemecké
|2 SNK
|9 463558
|
| 700 |
1 |
|
|a Weihs, Richard
|4 zos
|4 upr
|9 463559
|
| 700 |
1 |
|
|a Nova, Carla S.
|4 ilu
|9 463560
|
| 919 |
|
|
|a 3-901561-17-X
|
| 999 |
|
|
|c 726655
|d 728585
|
| 952 |
|
|
|t P60, <04>, [BOOK], {604}
|a SNK
|b SNK
|y VYP
|7 0
|p 17A0318599
|o snkIC 129714
|i snkV 1417/2001
|0 0
|1 0
|4 0
|d 2001-10-26
|l 0
|r 2005-01-02 00:00:00
|w 2026-02-23
|